[Event "US op U18"]
[Site "Lindsborg"]
[Date "2004.07.24"]
[Round "4"]
[White "Kalivas, Jason"]
[Black "Mead, Blake"]
[Result "1-0"]
[WhiteElo "1789"]
[BlackElo "1550"]
[PlyCount "91"]
[EventDate "2004.07.??"]
[EventType "swiss"]
[EventRounds "6"]
[EventCountry "USA"]
[EventCategory "1"]
[SourceTitle "EXT 2006"]
[Source "ChessBase"]
[SourceDate "2005.11.24"]
[SourceVersion "1"]
[SourceVersionDate "2005.11.24"]
[SourceQuality "1"]

1. a3 d5 2. Nf3 c5 3. e3 Nc6 4. d4 e6 5. dxc5 Bxc5 6. b4 Bd6 7. c4 Nf6 8. Nc3 0-0 9. cxd5 Nxd5 10. Nxd5 exd5 11. Be2 Be6 12. 0-0 Qf6 13. Rb1 Ne5 14. Bb2 Bf5 15. Bxe5 Bxe5 16. Bd3 Bxd3 17. Qxd3 Rfd8 18. Nxe5 Qxe5 19. Rfd1 Rd7 20. Qd4 f6 21. Rd2 Kf7 22. Rbd1 Qxd4 23. Rxd4 Ke6 24. Rc1 Rad8 25. Kf1 Rd6 26. Ke2 Rc6 27. Rxc6+ bxc6 28. Kd3 Rb8 29. e4 a5 30. exd5+ cxd5 31. f4 f5 32. Kc3 axb4+ 33. Rxb4 Rc8+ 34. Kd2 Ra8 35. a4 Kd6 36. Kc3 Rc8+ 37. Kb3 Rc7 38. a5 Ra7 39. Rb5 Kc6 40. Kb4 Re7 41. Rc5+ Kd6 42. a6 Re4+ 43. Kb5 Re2 44. Kb6 d4 45. a7 Re8 46. Ra5 1-0